000 00467nam a2200181Ia 4500
001 19938
005 20260306172729.0
008 260306t2004||||xx |||||||||||||| ||spa||
041 _aESP
082 _a341.5
_bP19
100 _aPalazzo, Eugenio Luis.
_eAUT
245 0 _aLas fuentes del derecho en el desconcierto de juristas y ciudadanos
260 _c2004
300 _a452 páginas :
_c22 cm.
650 _aGEN
654 _aCDE
942 _cLIB
_dJUS
_fJUS
_2ddc
_n
999 _c19938
_d19938